000
00332 a2200145 4500
001
149119
040
_c
Escola São Tomás de Aquino
100
_a
MUNIZ, Flávia
240
1
0
_a
Rita, não grita!
_l
por
245
1
0
_a
Rita, não grita!
362
0
_a
2005
440
1
_a
Melhoramentos
697
_a
*LITERATURA INFANTO
942
_c
BK
999
_c
149119
_d
149119